[Event "10MCR_4DW_1L_1S"]
[Site "CR"]
[Date "2012.??.??"]
[Round "?"]
[White "Pirhala, Ladislav"]
[Black "Pravec, Ladislav"]
[Result "1/2-1/2"]
[WhiteElo "2337"]
[BlackElo "2351"]
[Annotator "01"]
[PlyCount "60"]
[EventDate "2012.??.??"]
[EventType "corr"]

1. e4 c5 2. Nf3 Nc6 3. d4 cxd4 4. Nxd4 Nf6 5. Nc3 e5 6. Ndb5 d6 7. Bg5 a6 8.
Na3 b5 9. Nd5 Be7 10. Bxf6 Bxf6 11. c3 Bg5 12. Nc2 Ne7 13. h4 Bh6 14. a4 bxa4
15. Ncb4 O-O 16. Qxa4 a5 17. Bb5 Nxd5 18. Nxd5 Be6 19. Bc6 Rb8 20. b4 axb4 21.
cxb4 Kh8 22. b5 Bxd5 23. Bxd5 Qb6 24. O-O Qxb5 25. Qxb5 Rxb5 26. Ra6 g6 27.
Rxd6 Rc5 28. Rd7 Kg7 29. g3 Rc1 30. Re7 Kf6 1/2-1/2

[Event "10MCR_4DW_1L_1S"]
[Site "CR"]
[Date "2012.??.??"]
[Round "?"]
[White "Pirhala, Ladislav"]
[Black "Mezera, Lukas"]
[Result "1/2-1/2"]
[WhiteElo "2337"]
[BlackElo "2357"]
[Annotator "02"]
[PlyCount "50"]
[EventDate "2012.??.??"]
[EventType "corr"]

1. e4 e5 2. Nf3 Nc6 3. Bb5 Nf6 4. O-O Nxe4 5. d4 Nd6 6. Bxc6 dxc6 7. dxe5 Nf5
8. Qxd8+ Kxd8 9. Nc3 Ke8 10. h3 Be7 11. Bg5 Bxg5 12. Nxg5 h6 13. Nf3 h5 14. Ne2
Ke7 15. a4 Be6 16. Nf4 Rad8 17. Rfd1 h4 18. a5 c5 19. Ng5 Rhg8 20. Rdb1 Rd4 21.
Nfxe6 fxe6 22. c3 Rd2 23. Nf3 Rc2 24. Ra3 Rd8 25. Kf1 Rd7 1/2-1/2

[Event "10MCR_4DW_1L_1S"]
[Site "CR"]
[Date "2012.??.??"]
[Round "?"]
[White "Pirhala, Ladislav"]
[Black "Kratochvil, Jan"]
[Result "1/2-1/2"]
[WhiteElo "2337"]
[BlackElo "2296"]
[Annotator "03"]
[PlyCount "66"]
[EventDate "2012.??.??"]
[EventType "corr"]

1. e4 e5 2. Nf3 Nc6 3. Bb5 a6 4. Ba4 Nf6 5. O-O Be7 6. Re1 b5 7. Bb3 d6 8. c3
O-O 9. h3 Bb7 10. d4 Re8 11. Nbd2 Bf8 12. a4 h6 13. Bc2 exd4 14. cxd4 Nb4 15.
Bb1 c5 16. d5 Nd7 17. Ra3 c4 18. axb5 axb5 19. Nd4 Rxa3 20. bxa3 Nd3 21. Bxd3
cxd3 22. Bb2 Qa5 23. N4b3 Qc7 24. Re3 Ne5 25. Qb1 Ba6 26. f4 Nc4 27. Rxd3 b4
28. Rg3 Nxd2 29. Nxd2 Qb6+ 30. Kh2 bxa3 31. Rxa3 Qf2 32. Qa1 Qxd2 33. Bxg7 Bd3
1/2-1/2

[Event "10MCR_4DW_1L_1S"]
[Site "CR"]
[Date "2012.??.??"]
[Round "?"]
[White "Canibal, Jaromir"]
[Black "Pirhala, Ladislav"]
[Result "1/2-1/2"]
[WhiteElo "2246"]
[BlackElo "2337"]
[Annotator "04"]
[PlyCount "42"]
[EventDate "2012.??.??"]
[EventType "corr"]

1. e4 c6 2. d4 d5 3. exd5 cxd5 4. c4 Nf6 5. Nc3 Nc6 6. Bg5 Be6 7. a3 g6 8. Bxf6
exf6 9. cxd5 Bxd5 10. Qe2+ Ne7 11. Nxd5 Qxd5 12. Qb5+ Qxb5 13. Bxb5+ Kd8 14.
Nf3 Nf5 15. O-O Rc8 16. Rfc1 Nd6 17. Ba4 Bh6 18. Rxc8+ Kxc8 19. g3 Kc7 20. Re1
b5 21. Bb3 Kd7 1/2-1/2

[Event "10MCR_4DW_1L_1S"]
[Site "CR"]
[Date "2012.??.??"]
[Round "?"]
[White "Kuta, Jiri"]
[Black "Pirhala, Ladislav"]
[Result "1/2-1/2"]
[WhiteElo "2372"]
[BlackElo "2337"]
[Annotator "05"]
[PlyCount "58"]
[EventDate "2012.??.??"]
[EventType "corr"]

1. d4 Nf6 2. c4 e6 3. Nf3 b6 4. g3 Ba6 5. b3 Bb4+ 6. Bd2 Be7 7. Bg2 c6 8. Bc3
d5 9. Ne5 Nfd7 10. Nxd7 Nxd7 11. Nd2 O-O 12. O-O Rc8 13. e4 b5 14. Re1 bxc4 15.
bxc4 dxc4 16. Qa4 Bb5 17. Qc2 Re8 18. a4 Ba6 19. Bf1 c5 20. d5 Bf6 21. Nxc4
Bxc3 22. Qxc3 Bxc4 23. Bxc4 exd5 24. exd5 Nf6 25. Rxe8+ Nxe8 26. Rb1 Nd6 27.
Ba6 Rc7 28. Bb5 c4 29. Bc6 Re7 1/2-1/2

[Event "10MCR_4DW_1L_1S"]
[Site "CR"]
[Date "2012.??.??"]
[Round "?"]
[White "Pirhala, Ladislav"]
[Black "Valak, Alois"]
[Result "1/2-1/2"]
[WhiteElo "2337"]
[BlackElo "2361"]
[Annotator "06"]
[PlyCount "71"]
[EventDate "2012.??.??"]
[EventType "corr"]

1. e4 e5 2. Nf3 Nc6 3. Bb5 a6 4. Ba4 Nf6 5. O-O Be7 6. Re1 b5 7. Bb3 d6 8. c3
O-O 9. h3 Bb7 10. d4 Re8 11. Nbd2 Bf8 12. a4 h6 13. d5 Nb8 14. Nh2 Nbd7 15.
Ndf1 c6 16. Ng4 Nxg4 17. hxg4 Nc5 18. Bc2 Nxa4 19. Bxa4 bxa4 20. Ne3 cxd5 21.
exd5 Bc8 22. Qxa4 Bd7 23. Qc2 Qg5 24. b3 Reb8 25. c4 Bxg4 26. Nxg4 Qxg4 27. Ra4
Qc8 28. Bd2 Be7 29. b4 Ra7 30. Rea1 Rc7 31. Rc1 Bg5 32. Bxg5 hxg5 33. c5 Rb5
34. Qe2 dxc5 35. Qxe5 c4 36. Rxa6 1/2-1/2

[Event "10MCR_4DW_1L_1S"]
[Site "CR"]
[Date "2012.??.??"]
[Round "?"]
[White "Mezera, Lukas"]
[Black "Pravec, Ladislav"]
[Result "1/2-1/2"]
[WhiteElo "2357"]
[BlackElo "2351"]
[Annotator "07"]
[PlyCount "51"]
[EventDate "2012.??.??"]
[EventType "corr"]

1. d4 Nf6 2. c4 e6 3. Nf3 b6 4. g3 Ba6 5. b3 Bb4+ 6. Bd2 Be7 7. Bg2 c6 8. Bc3
d5 9. Ne5 Nfd7 10. Nxd7 Nxd7 11. Nd2 O-O 12. O-O f5 13. Rc1 Ba3 14. Rb1 Bd6 15.
b4 Nf6 16. Qc2 Qd7 17. c5 Bc7 18. Rfe1 Rab8 19. e3 Ne4 20. f4 bxc5 21. bxc5 Nf6
22. Bf1 Rxb1 23. Rxb1 Bxf1 24. Kxf1 Rb8 25. Rxb8+ Bxb8 26. Qb3 1/2-1/2

[Event "10MCR_4DW_1L_1S"]
[Site "CR"]
[Date "2012.??.??"]
[Round "?"]
[White "Pirhala, Ladislav"]
[Black "Bultman, Milan"]
[Result "1/2-1/2"]
[WhiteElo "2337"]
[BlackElo "2239"]
[Annotator "08"]
[PlyCount "72"]
[EventDate "2012.??.??"]
[EventType "corr"]

1. e4 c5 2. Nf3 d6 3. d4 cxd4 4. Nxd4 Nf6 5. Nc3 Nc6 6. Bg5 e6 7. Qd2 Be7 8.
O-O-O O-O 9. f4 h6 10. Bh4 e5 11. Nf5 Bxf5 12. exf5 exf4 13. Kb1 d5 14. Bxf6
Bxf6 15. Nxd5 Be5 16. f6 Bxf6 17. Qxf4 Be5 18. Qf3 Qg5 19. Bd3 Rad8 20. c3 h5
21. g3 g6 22. Bc2 Rd6 23. Rhf1 Bg7 24. Bb3 Na5 25. Ba4 a6 26. Bc2 Nc4 27. Rf2
Kh8 28. Re2 b5 29. a4 Rd7 30. Bb3 Rfd8 31. Bxc4 bxc4 32. Red2 Bh6 33. Ka2 Qe5
34. Rd4 Bg7 35. Qg2 Bh6 36. h3 Kg7 1/2-1/2

[Event "10MCR_4DW_1L_1S"]
[Site "CR"]
[Date "2012.??.??"]
[Round "?"]
[White "Pravec, Ladislav"]
[Black "Canibal, Jaromir"]
[Result "1/2-1/2"]
[WhiteElo "2351"]
[BlackElo "2246"]
[Annotator "09"]
[PlyCount "44"]
[EventDate "2012.??.??"]
[EventType "corr"]

1. d4 d5 2. c4 c6 3. Nf3 Nf6 4. Nc3 e6 5. e3 Nbd7 6. Bd3 dxc4 7. Bxc4 b5 8. Bd3
b4 9. Ne4 Nxe4 10. Bxe4 Bb7 11. a3 bxa3 12. bxa3 Bd6 13. O-O O-O 14. Rb1 Rb8
15. Qc2 h6 16. Bd2 Qc7 17. Bb4 c5 18. Bxb7 Rxb7 19. dxc5 Bxc5 20. Bxc5 Qxc5 21.
Qxc5 Nxc5 22. Rxb7 Nxb7 1/2-1/2

[Event "10MCR_4DW_1L_1S"]
[Site "CR"]
[Date "2012.??.??"]
[Round "?"]
[White "Pecka, Josef"]
[Black "Pirhala, Ladislav"]
[Result "1/2-1/2"]
[WhiteElo "2383"]
[BlackElo "2337"]
[Annotator "10"]
[PlyCount "85"]
[EventDate "2012.??.??"]
[EventType "corr"]

1. e4 c6 2. d4 d5 3. e5 Bf5 4. Ne2 e6 5. Ng3 Bg6 6. h4 h6 7. h5 Bh7 8. Bd3 Bxd3
9. cxd3 Qb6 10. Be3 Qxb2 11. Nd2 Qa3 12. Qe2 c5 13. dxc5 Bxc5 14. d4 Bb6 15.
Qg4 Kf8 16. O-O Nc6 17. Nb3 Nge7 18. Kh2 Rg8 19. f4 g6 20. hxg6 Rxg6 21. Qh3
Rxg3 22. Qxg3 Nf5 23. Bc1 Qa6 24. Qg4 Ncxd4 25. Nxd4 Bxd4 26. Bd2 Bc5 27. Qf3
b6 28. g4 Nh4 29. Qg3 Qe2+ 30. Kh3 h5 31. Kxh4 hxg4 32. Be3 Qxe3 33. Qxe3 Bxe3
34. Rae1 Bd2 35. Rd1 Bb4 36. Rc1 Bc5 37. Kxg4 Ke7 38. Rh1 Rd8 39. Rh2 d4 40.
Rd1 Bb4 41. Rd3 Rg8+ 42. Kf3 Bc3 43. Rd1 1/2-1/2

[Event "10MCR_4DW_1L_1S"]
[Site "CR"]
[Date "2012.??.??"]
[Round "?"]
[White "Kratochvil, Jan"]
[Black "Bultman, Milan"]
[Result "1/2-1/2"]
[WhiteElo "2296"]
[BlackElo "2239"]
[Annotator "11"]
[PlyCount "74"]
[EventDate "2012.??.??"]
[EventType "corr"]

1. c4 c5 2. Nf3 d6 3. d4 cxd4 4. Nxd4 Nf6 5. Nc3 g6 6. e4 Nc6 7. Be2 Nxd4 8.
Qxd4 Bg7 9. Be3 O-O 10. Qd2 Be6 11. Rc1 Qa5 12. f3 Rfc8 13. b3 a6 14. Na4 Qxd2+
15. Kxd2 Nd7 16. g4 f5 17. exf5 gxf5 18. h3 Rf8 19. f4 Rad8 20. Nc3 d5 21. cxd5
Bxd5 22. Nxd5 Nf6 23. Bb6 Rxd5+ 24. Ke3 Rd6 25. Bc7 Nd5+ 26. Kf3 Rd7 27. Bc4 b5
28. Bxd5+ Rxd5 29. Rhe1 Rd3+ 30. Re3 fxg4+ 31. hxg4 Rxe3+ 32. Kxe3 Rc8 33. Rc5
Bf8 34. Rc3 Bg7 35. Rc2 Kf7 36. Kd3 e6 37. Bb6 Rxc2 1/2-1/2

[Event "10MCR_4DW_1L_1S"]
[Site "CR"]
[Date "2012.??.??"]
[Round "?"]
[White "Kudr, Roman"]
[Black "Pirhala, Ladislav"]
[Result "1/2-1/2"]
[WhiteElo "2230"]
[BlackElo "2337"]
[Annotator "12"]
[PlyCount "71"]
[EventDate "2012.??.??"]
[EventType "corr"]

1. e4 c6 2. d4 d5 3. e5 Bf5 4. Nf3 e6 5. Be2 Nd7 6. O-O h6 7. b3 Ne7 8. c4 Ng6
9. Na3 Bb4 10. Bd3 Bxd3 11. Qxd3 O-O 12. Nc2 Qe7 13. cxd5 cxd5 14. Qb5 a5 15.
Nxb4 axb4 16. Bd2 Qe8 17. Qxb4 f6 18. exf6 Rxf6 19. Qc3 Rf5 20. a4 Nf6 21. Qd3
Ne4 22. Be3 Rxf3 23. gxf3 Nh4 24. fxe4 Qg6+ 25. Bg5 dxe4 26. Qg3 Nf3+ 27. Kh1
hxg5 28. Rac1 Rf8 29. Qh3 Nxd4 30. Rfd1 g4 31. Qg2 Ne2 32. Rc4 Rf3 33. Qf1 Qf5
34. Rd8+ Kh7 35. Qxe2 Rxf2 36. Qxe4 1/2-1/2

[Event "10MCR_4DW_1L_1S"]
[Site "CR"]
[Date "2012.??.??"]
[Round "?"]
[White "Kratochvil, Jan"]
[Black "Mezera, Lukas"]
[Result "1/2-1/2"]
[WhiteElo "2296"]
[BlackElo "2357"]
[Annotator "13"]
[PlyCount "65"]
[EventDate "2012.??.??"]
[EventType "corr"]

1. c4 e5 2. Nc3 Nf6 3. Nf3 Nc6 4. g3 d5 5. cxd5 Nxd5 6. Bg2 Nb6 7. O-O Be7 8.
a3 O-O 9. b4 Be6 10. Rb1 f6 11. d3 Nd4 12. Nd2 c6 13. Nde4 Rf7 14. Bb2 Nd5 15.
e3 Nxc3 16. Bxc3 Nb5 17. Bb2 Bd5 18. Qc2 a5 19. a4 Nc7 20. bxa5 Rxa5 21. Rfd1
Qa8 22. Ra1 Ra7 23. Bh3 Qe8 24. Nd2 Be6 25. Bxe6 Nxe6 26. Nc4 Bf8 27. a5 Rd7
28. Nb6 Rd8 29. d4 exd4 30. Bxd4 Nxd4 31. exd4 Ra6 32. Qc3 h6 33. Rab1 1/2-1/2

[Event "10MCR_4DW_1L_1S"]
[Site "CR"]
[Date "2012.??.??"]
[Round "?"]
[White "Kratochvil, Jan"]
[Black "Valak, Alois"]
[Result "1/2-1/2"]
[WhiteElo "2296"]
[BlackElo "2361"]
[Annotator "14"]
[PlyCount "61"]
[EventDate "2012.??.??"]
[EventType "corr"]

1. c4 Nf6 2. d4 e6 3. Nf3 d5 4. Nc3 Be7 5. Bg5 O-O 6. e3 Nbd7 7. Rc1 c6 8. Bd3
dxc4 9. Bxc4 Nd5 10. Bxe7 Qxe7 11. O-O Nxc3 12. Rxc3 e5 13. Nxe5 Nxe5 14. dxe5
Qxe5 15. f4 Qe4 16. Bb3 Bf5 17. Bc2 Qe6 18. Bxf5 Qxf5 19. Qb3 Qa5 20. Rd1 Qc7
21. Rcd3 Rad8 22. h3 b6 23. Qa3 Rxd3 24. Rxd3 c5 25. Rd5 Qe7 26. Qd3 Qf6 27.
Qd2 Qe6 28. a3 Re8 29. Rd7 g6 30. Kf2 Re7 31. Rd6 1/2-1/2

[Event "10MCR_4DW_1L_1S"]
[Site "CR"]
[Date "2012.??.??"]
[Round "?"]
[White "Kuta, Jiri"]
[Black "Bultman, Milan"]
[Result "1/2-1/2"]
[WhiteElo "2372"]
[BlackElo "2239"]
[Annotator "15"]
[PlyCount "56"]
[EventDate "2012.??.??"]
[EventType "corr"]

1. d4 Nf6 2. c4 e6 3. Nf3 b6 4. a3 Bb7 5. Nc3 d5 6. cxd5 Nxd5 7. Qc2 Nxc3 8.
bxc3 Nd7 9. e4 c5 10. Bf4 cxd4 11. cxd4 Rc8 12. Qb3 Be7 13. Bd3 Nf6 14. Qb5+
Bc6 15. Qb1 O-O 16. O-O Nh5 17. Bd2 Qd7 18. Re1 Ba4 19. g3 Rfd8 20. Bb4 g6 21.
Qb2 Bf6 22. Bc3 Ng7 23. Bf1 Ne8 24. Rac1 Rc7 25. Ne5 Qd6 26. Re3 Bg7 27. f4
Rdc8 28. Ba6 Rb8 1/2-1/2

[Event "10MCR_4DW_1L_1S"]
[Site "CR"]
[Date "2012.??.??"]
[Round "?"]
[White "Pravec, Ladislav"]
[Black "Kudr, Roman"]
[Result "1/2-1/2"]
[WhiteElo "2351"]
[BlackElo "2230"]
[Annotator "16"]
[PlyCount "60"]
[EventDate "2012.??.??"]
[EventType "corr"]

1. d4 Nf6 2. c4 e6 3. Nf3 d5 4. Nc3 c6 5. e3 Nbd7 6. Bd3 dxc4 7. Bxc4 b5 8. Bd3
a6 9. e4 c5 10. e5 cxd4 11. Nxb5 axb5 12. exf6 gxf6 13. O-O Qb6 14. Qe2 b4 15.
Rd1 Bc5 16. Bf4 h5 17. Rac1 Kf8 18. Bb5 Kg7 19. Nd2 e5 20. Ne4 exf4 21. Bxd7
Bxd7 22. Nxc5 Bg4 23. f3 Rhc8 24. Nd3 Bf5 25. Rxc8 Rxc8 26. h3 Qd6 27. Qd2 Bxd3
28. Qxd3 Rd8 29. a3 bxa3 30. bxa3 Ra8 1/2-1/2

[Event "10MCR_4DW_1L_1S"]
[Site "CR"]
[Date "2012.??.??"]
[Round "?"]
[White "Kudr, Roman"]
[Black "Mezera, Lukas"]
[Result "1/2-1/2"]
[WhiteElo "2230"]
[BlackElo "2357"]
[Annotator "17"]
[PlyCount "57"]
[EventDate "2012.??.??"]
[EventType "corr"]

1. e4 e5 2. Nf3 Nc6 3. Bb5 Nf6 4. O-O Nxe4 5. d4 Nd6 6. Bxc6 dxc6 7. dxe5 Nf5
8. Qxd8+ Kxd8 9. Nc3 Ke8 10. h3 Be7 11. Bg5 Bxg5 12. Nxg5 h6 13. Nf3 h5 14. Ne2
Ke7 15. Rfd1 Be6 16. Nf4 h4 17. c3 Rhd8 18. Re1 a5 19. Re4 Bd5 20. Nxd5+ Rxd5
21. Rae1 Rad8 22. Kf1 Rd1 23. Rf4 g6 24. Rfe4 c5 25. e6 Rxe1+ 26. Kxe1 f6 27.
Nxh4 Nxh4 28. Rxh4 Kxe6 29. Rh7 1/2-1/2

[Event "10MCR_4DW_1L_1S"]
[Site "CR"]
[Date "2012.??.??"]
[Round "?"]
[White "Kratochvil, Jan"]
[Black "Pecka, Josef"]
[Result "0-1"]
[WhiteElo "2296"]
[BlackElo "2383"]
[Annotator "18"]
[PlyCount "136"]
[EventDate "2012.??.??"]
[EventType "corr"]

1. c4 e5 2. Nc3 Nf6 3. Nf3 Nc6 4. g3 d5 5. cxd5 Nxd5 6. Bg2 Nb6 7. O-O Be7 8.
d3 O-O 9. a3 Be6 10. b4 a5 11. b5 Nd4 12. Nd2 c6 13. bxc6 Nxc6 14. Rb1 a4 15.
Bxc6 bxc6 16. Qc2 f6 17. Rd1 Bf7 18. Re1 Qc7 19. Bb2 Rfc8 20. Nd1 Ra5 21. h4
Rb8 22. Nc3 Qd7 23. Bc1 Qc8 24. Bb2 Raa8 25. Nce4 Qh3 26. Nf3 Nd7 27. Ned2 Rd8
28. e4 Nc5 29. d4 Ne6 30. Qxc6 exd4 31. Qb5 Bf8 32. Qf1 Qxf1+ 33. Rxf1 Nc5 34.
e5 Nd3 35. Bxd4 Nxe5 36. Bxe5 fxe5 37. Ne4 Ra5 38. Rfe1 Bxa3 39. Neg5 Bd5 40.
Nxe5 Bd6 41. Rbc1 h6 42. Ne6 Re8 43. Nc4 Bxc4 44. Rxc4 a3 45. Rc6 Rd5 46. f4
Rd2 47. Ra6 Rb8 48. Ra7 a2 49. Rxg7+ Kh8 50. Ra7 Rb1 51. Rf1 Rxf1+ 52. Kxf1
Rd1+ 53. Ke2 a1=Q 54. Rxa1 Rxa1 55. g4 Ra4 56. Kd3 Bxf4 57. Nc5 Ra2 58. Ke4 Bg3
59. h5 Kg7 60. Kf3 Ra3+ 61. Kg2 Be5 62. Ne4 Re3 63. Nf2 Kf6 64. Nd1 Ra3 65. Nf2
Kg5 66. Kf1 Kf4 67. Ke2 Ra2+ 68. Kd3 Rxf2 0-1

[Event "10MCR_4DW_1L_1S"]
[Site "CR"]
[Date "2012.??.??"]
[Round "?"]
[White "Pravec, Ladislav"]
[Black "Kuta, Jiri"]
[Result "1/2-1/2"]
[WhiteElo "2351"]
[BlackElo "2372"]
[Annotator "19"]
[PlyCount "82"]
[EventDate "2012.??.??"]
[EventType "corr"]

1. d4 Nf6 2. c4 g6 3. Nc3 d5 4. cxd5 Nxd5 5. e4 Nxc3 6. bxc3 Bg7 7. Nf3 c5 8.
Rb1 O-O 9. Be2 Nc6 10. d5 Ne5 11. Nxe5 Bxe5 12. Qd2 e6 13. f4 Bc7 14. O-O exd5
15. exd5 Ba5 16. d6 Rb8 17. Ba3 Bf5 18. Rbd1 Rc8 19. g4 Bd7 20. f5 Qh4 21. Bf3
b5 22. Rde1 Qf6 23. Bb2 c4 24. fxg6 hxg6 25. Re7 Be6 26. Kg2 Rb8 27. Bd5 Qe5
28. Bxe6 fxe6 29. Re1 Qf6 30. Qe2 e5 31. Qd1 Qf2+ 32. Kh1 Rbd8 33. Qd5+ Rf7 34.
Rxf7 Qxf7 35. Rxe5 Rxd6 36. Re8+ Kg7 37. Qe5+ Qf6 38. Re7+ Kg8 39. Qxf6 Rxf6
40. Rxa7 Rf2 41. Rxa5 Rxb2 1/2-1/2

[Event "10MCR_4DW_1L_1S"]
[Site "CR"]
[Date "2012.??.??"]
[Round "?"]
[White "Mezera, Lukas"]
[Black "Valak, Alois"]
[Result "1/2-1/2"]
[WhiteElo "2357"]
[BlackElo "2361"]
[Annotator "20"]
[PlyCount "76"]
[EventDate "2012.??.??"]
[EventType "corr"]

1. e4 e5 2. Nf3 Nc6 3. Bb5 a6 4. Ba4 Nf6 5. O-O Be7 6. Re1 b5 7. Bb3 d6 8. c3
O-O 9. h3 Bb7 10. d4 Re8 11. Nbd2 Bf8 12. a4 h6 13. Bc2 exd4 14. cxd4 Nb4 15.
Bb1 c5 16. d5 Nd7 17. Ra3 g6 18. Nh2 h5 19. Ndf3 bxa4 20. g4 Nf6 21. gxh5 Nxh5
22. Ng4 Bc8 23. Qxa4 Bg7 24. Qd1 a5 25. Bg5 Qd7 26. e5 dxe5 27. Ngxe5 Bxe5 28.
Nxe5 Qxd5 29. Qxd5 Nxd5 30. Ba2 Be6 31. Nxg6 Kh7 32. Ne5 f6 33. Nd3 Nc7 34.
Bxe6 Nxe6 35. Bd2 c4 36. Nc1 Nef4 37. Kf1 Kg6 38. Rxe8 Rxe8 1/2-1/2

[Event "10MCR_4DW_1L_1S"]
[Site "CR"]
[Date "2012.??.??"]
[Round "?"]
[White "Kudr, Roman"]
[Black "Kratochvil, Jan"]
[Result "1/2-1/2"]
[WhiteElo "2230"]
[BlackElo "2296"]
[Annotator "21"]
[PlyCount "73"]
[EventDate "2012.??.??"]
[EventType "corr"]

1. e4 e5 2. Nf3 Nc6 3. Bb5 a6 4. Ba4 Nf6 5. O-O Be7 6. Re1 b5 7. Bb3 d6 8. c3
O-O 9. h3 Na5 10. Bc2 c5 11. d4 Qc7 12. Nbd2 Bd7 13. Nf1 cxd4 14. cxd4 Rac8 15.
Ne3 Rfe8 16. b3 Nc6 17. Bb2 Qb7 18. Rc1 Bf8 19. d5 Ne7 20. Kh2 Ng6 21. g3 Be7
22. Ba3 h5 23. Bb4 Qb6 24. Qd2 Bd8 25. Bd3 Bc7 26. a4 bxa4 27. bxa4 Bxa4 28.
Ng5 h4 29. Kg2 Bd7 30. Nc4 Qb8 31. Rc2 Red8 32. Rb1 Bb5 33. Qe2 Qa8 34. Ne3 Bb6
35. Bxb5 Rxc2 36. Nxc2 axb5 37. Na3 1/2-1/2

[Event "10MCR_4DW_1L_1S"]
[Site "CR"]
[Date "2012.??.??"]
[Round "?"]
[White "Kudr, Roman"]
[Black "Bultman, Milan"]
[Result "1/2-1/2"]
[WhiteElo "2230"]
[BlackElo "2239"]
[Annotator "22"]
[PlyCount "49"]
[EventDate "2012.??.??"]
[EventType "corr"]

1. e4 c5 2. Nf3 d6 3. d4 cxd4 4. Nxd4 Nf6 5. Nc3 Nc6 6. Bg5 e6 7. Qd2 a6 8.
O-O-O h6 9. Be3 Bd7 10. f3 b5 11. g4 Qc7 12. h4 Ne5 13. Qg2 b4 14. Nb1 Nc4 15.
Bxc4 Qxc4 16. g5 Nh5 17. g6 e5 18. Nf5 Qxa2 19. Nxd6+ Bxd6 20. Rxd6 Ba4 21. Qg4
O-O 22. Rh2 Rac8 23. Qxh5 Qc4 24. b3 Bxb3 25. Bxh6 1/2-1/2

[Event "10MCR_4DW_1L_1S"]
[Site "CR"]
[Date "2012.??.??"]
[Round "?"]
[White "Valak, Alois"]
[Black "Pravec, Ladislav"]
[Result "1/2-1/2"]
[WhiteElo "2361"]
[BlackElo "2351"]
[Annotator "23"]
[PlyCount "78"]
[EventDate "2012.??.??"]
[EventType "corr"]

1. e4 c5 2. Nf3 Nc6 3. d4 cxd4 4. Nxd4 Nf6 5. Nc3 e5 6. Ndb5 d6 7. Bg5 a6 8.
Na3 b5 9. Nd5 Be7 10. Bxf6 Bxf6 11. c3 Bg5 12. Nc2 Ne7 13. h4 Bh6 14. a4 bxa4
15. Ncb4 O-O 16. Qxa4 a5 17. Bb5 Nxd5 18. Nxd5 Be6 19. Bc6 Rb8 20. b4 axb4 21.
cxb4 Kh8 22. b5 Bxd5 23. Bxd5 Qb6 24. O-O Qxb5 25. Qxb5 Rxb5 26. Ra6 f6 27.
Rxd6 Bd2 28. Rd7 Rfb8 29. Kh2 Bb4 30. h5 h6 31. Kh3 Rc5 32. Rb1 Rcc8 33. Kg4
Bc5 34. Rxb8 Rxb8 35. f3 Kh7 36. Kf5 Bd4 37. Bc4 Bc5 38. Bf7 Be3 39. Rc7 Bb6
1/2-1/2

[Event "10MCR_4DW_1L_1S"]
[Site "CR"]
[Date "2012.??.??"]
[Round "?"]
[White "Pecka, Josef"]
[Black "Kuta, Jiri"]
[Result "1/2-1/2"]
[WhiteElo "2383"]
[BlackElo "2372"]
[Annotator "24"]
[PlyCount "62"]
[EventDate "2012.??.??"]
[EventType "corr"]

1. e4 e5 2. Nf3 Nc6 3. Bb5 a6 4. Ba4 Nf6 5. O-O Be7 6. Re1 b5 7. Bb3 O-O 8. c3
d5 9. exd5 Nxd5 10. Nxe5 Nxe5 11. Rxe5 c6 12. d4 Bd6 13. Re1 Qh4 14. g3 Qh3 15.
Be3 Bg4 16. Qd3 Rae8 17. Nd2 Qh5 18. a4 Re6 19. axb5 axb5 20. Qf1 Bh3 21. Bd1
Qf5 22. Qe2 b4 23. Nc4 Nf4 24. Qf3 Bc7 25. Ne5 bxc3 26. bxc3 Bxe5 27. dxe5 Nd3
28. Qxf5 Bxf5 29. Re2 Nxe5 30. Bf4 Nf3+ 31. Kg2 Ne1+ 1/2-1/2

[Event "10MCR_4DW_1L_1S"]
[Site "CR"]
[Date "2012.??.??"]
[Round "?"]
[White "Kudr, Roman"]
[Black "Canibal, Jaromir"]
[Result "1/2-1/2"]
[WhiteElo "2230"]
[BlackElo "2246"]
[Annotator "25"]
[PlyCount "57"]
[EventDate "2012.??.??"]
[EventType "corr"]

1. e4 e5 2. Nf3 Nc6 3. Bb5 a6 4. Ba4 Nf6 5. O-O Be7 6. Re1 b5 7. Bb3 O-O 8. c3
d6 9. h3 Na5 10. Bc2 c5 11. d4 Qc7 12. Nbd2 cxd4 13. cxd4 Re8 14. b3 Nc6 15.
Bb2 Bb7 16. Rc1 Qb6 17. Nf1 Rac8 18. d5 Nb4 19. Bb1 a5 20. Qe2 Na6 21. Ne3 Nc5
22. Nf5 Bf8 23. Qe3 Ba6 24. Qg5 Kh8 25. Nd2 Qd8 26. f4 Nfd7 27. Qxd8 Rexd8 28.
fxe5 Nxe5 29. Bxe5 1/2-1/2

[Event "10MCR_4DW_1L_1S"]
[Site "CR"]
[Date "2012.??.??"]
[Round "?"]
[White "Kratochvil, Jan"]
[Black "Pravec, Ladislav"]
[Result "0-1"]
[WhiteElo "2296"]
[BlackElo "2351"]
[Annotator "26"]
[PlyCount "158"]
[EventDate "2012.??.??"]
[EventType "corr"]

1. c4 Nf6 2. d4 e6 3. Nf3 b6 4. g3 Ba6 5. b3 Bb4+ 6. Bd2 Be7 7. Bg2 c6 8. Bc3
d5 9. Ne5 Nfd7 10. Nxd7 Nxd7 11. Nd2 O-O 12. O-O f5 13. Rc1 Ba3 14. Rb1 Bd6 15.
a4 Nf6 16. Qc2 f4 17. Qd3 Qe8 18. e4 Qg6 19. Qe2 Ng4 20. h3 Nh6 21. g4 Nf7 22.
h4 Rae8 23. e5 Be7 24. h5 Qg5 25. a5 f3 26. Bxf3 b5 27. Qe3 b4 28. Bb2 Nh6 29.
Be2 Rf4 30. Qg3 Nxg4 31. Nf3 Qf5 32. Ne1 Nh2 33. Bd3 Qxh5 34. Qxf4 Nxf1 35.
Kxf1 Rf8 36. Qg3 Bh4 37. Qh3 Rxf2+ 38. Kg1 Rf4 39. Kg2 Kh8 40. Bc1 Rg4+ 41. Kf1
Rg3 42. Qh2 dxc4 43. bxc4 Rxd3 44. Rxb4 Qf5+ 45. Qf4 Rxd4 46. Qxf5 exf5 47. Ng2
Be7 48. Rb1 Bxc4+ 49. Kf2 Bb5 50. Be3 Ra4 51. Rd1 c5 52. Nf4 Re4 53. Nd5 Bh4+
54. Kg2 Rxe5 55. Kh3 g5 56. Bxc5 Re1 57. Rd4 h5 58. Bb4 Rf1 59. Bc3 Kg8 60. Kh2
Kf7 61. Ne3 Rf2+ 62. Kg1 Rf3 63. Rd5 Rg3+ 64. Kh2 Rxe3 65. Rxf5+ Kg6 66. Rf6+
Kh7 67. Bd4 Re2+ 68. Kg1 Re1+ 69. Kh2 g4 70. Rf7+ Kh6 71. Rc7 Bd3 72. Rc6+ Kh7
73. Rc7+ Kg6 74. Rg7+ Kh6 75. Bc3 Re2+ 76. Kh1 Rc2 77. Rf7 Rxc3 78. Rf4 Be2 79.
Kh2 Bg3+ 0-1

[Event "10MCR_4DW_1L_1S"]
[Site "CR"]
[Date "2012.??.??"]
[Round "?"]
[White "Nyvlt, Zdenek"]
[Black "Kratochvil, Jan"]
[Result "1/2-1/2"]
[WhiteElo "2453"]
[BlackElo "2296"]
[Annotator "27"]
[PlyCount "67"]
[EventDate "2012.??.??"]
[EventType "corr"]

1. Nf3 Nf6 2. c4 c5 3. Nc3 Nc6 4. g3 g6 5. Bg2 Bg7 6. d4 cxd4 7. Nxd4 O-O 8.
O-O d6 9. Nc2 Bd7 10. b3 Qc8 11. Bb2 Bh3 12. Ne3 Bxg2 13. Kxg2 Rd8 14. Qd2 e6
15. Rab1 a6 16. Rfc1 Qd7 17. Rd1 b6 18. Qc2 Nb4 19. Qc1 Qe7 20. Ba3 d5 21. Na4
Rab8 22. f3 a5 23. Nc2 e5 24. Nc3 e4 25. Ne3 dxc4 26. bxc4 exf3+ 27. exf3 Re8
28. Re1 Qc5 29. Bxb4 axb4 30. Ncd5 Nxd5 31. Nxd5 Rxe1 32. Qxe1 Qxc4 33. Nxb4
Rc8 34. Qf1 1/2-1/2

[Event "10MCR_4DW_1L_1S"]
[Site "CR"]
[Date "2012.??.??"]
[Round "?"]
[White "Valak, Alois"]
[Black "Kuta, Jiri"]
[Result "1/2-1/2"]
[WhiteElo "2361"]
[BlackElo "2372"]
[Annotator "28"]
[PlyCount "68"]
[EventDate "2012.??.??"]
[EventType "corr"]

1. e4 e5 2. Nf3 Nc6 3. Bb5 a6 4. Ba4 Nf6 5. O-O Be7 6. Re1 b5 7. Bb3 O-O 8. h3
Bb7 9. d3 d5 10. exd5 Nxd5 11. Nxe5 Nd4 12. Nd2 c5 13. a4 Nf4 14. Bxf7+ Rxf7
15. Nxf7 Qd5 16. Nh6+ Kh8 17. Ne4 Nxg2 18. Kxg2 gxh6 19. Bf4 Rg8+ 20. Bg3 Bh4
21. Re3 Nf5 22. Qe1 Qd4 23. Kf1 Bxg3 24. Rxg3 Nxg3+ 25. Nxg3 b4 26. Qe7 Bc8 27.
Kg2 Bd7 28. Re1 Bc6+ 29. Kf1 b3 30. cxb3 Qxd3+ 31. Qe2 Qxb3 32. Qe5+ Rg7 33.
Rc1 Qxa4 34. Qxc5 Qb5+ 1/2-1/2

[Event "10MCR_4DW_1L_1S"]
[Site "CR"]
[Date "2012.??.??"]
[Round "?"]
[White "Canibal, Jaromir"]
[Black "Mezera, Lukas"]
[Result "1/2-1/2"]
[WhiteElo "2246"]
[BlackElo "2357"]
[Annotator "29"]
[PlyCount "59"]
[EventDate "2012.??.??"]
[EventType "corr"]

1. e4 e5 2. Nf3 Nc6 3. Bc4 Bc5 4. c3 Nf6 5. d4 exd4 6. cxd4 Bb4+ 7. Bd2 Bxd2+
8. Nbxd2 d5 9. exd5 Nxd5 10. Qb3 Nce7 11. O-O O-O 12. Rfe1 c6 13. Ne4 Qb6 14.
Qa3 Bf5 15. Nc5 Rad8 16. Re5 Bc8 17. Nh4 Nf6 18. Rxe7 Rxd4 19. Bxf7+ Rxf7 20.
Rxf7 Kxf7 21. Nf3 Rd8 22. Re1 Kg8 23. Na4 Qc7 24. Nc3 a6 25. Qb3+ Qf7 26. Qb4
Re8 27. Rxe8+ Qxe8 28. h3 h6 29. Qd6 Bf5 30. a3 1/2-1/2